02056nam a2200301 i 4500001001000000003000900010005001700019007000300036008004100039040003000080082003000110100005000140245008500190250002300275264008400298300002800382490003000410500003400440505089000474590002701364651005401391651005401445830003901499910003701538942001401575952014801589999001701737000026617DO-SdBNP20260321073641.0ta110324s1965 mx 000 | spa d aDO-SdBNPbspacBNPHUerda 4a320.97293bB742c 19652221 a Bosch, Juan, d1909-2001eautor4aut.97655510aCrisis de la democracia de América en la República dominicana /cJuan Bosch. aTercera edición  aGuadalquivir, México :bCentro de Estudios y Documentación Sociales,c1965. a226 páginas ;a19 cm.1 aEstudios y documentosv14 aIncluye índice analítico.0 aIntroducción -- I. A la muerte del tirano -- II. El Partido Revolucionario Dominicano en la hora crítica -- III. La juventud desviada -- IV. Los patriotas y sus planes -- V. Los patriotas conquistan el poder -- VI. La composición social dominicana -- VII. La clase media en el campo político -- VIII. La lengua nueva -- IX. Política y conspiración -- X. Una escuela de política -- XI. Golpe primero elecciones después -- XII. El papel de la Iglesia en el golpe -- XIII. Comunismo y democracia -- XIV. La Alianza para el Progreso -- XV. Los hombres de la Alianza -- XVI. El CIDES, una experiencia importante -- XVII. Los conflictos con Haití -- XVIII. El papel de la corrupción en el golpe -- XIX. Trujillo, el jefe militar del golpe -- XX. Los sectores sociales en las fuerzas armadas -- XXI. Juventud y masas populares, reserva del porvenir - Índice analítico. aInventariado, 2018/ YL 0aRepública DominicanaxPolítica y gobierno945 0aRepública DominicanaxPolítica y gobierno945 0aEstudios y documentos ;n14953724 aValidado. Control de calidad MFF 2ddccLBS1 00102ddc51708PD-RVaBNPHUbBNPHUcHDd2011-03-24l0oBNPHU PD-RV 320.97293 B742c 1965p26617-10r2020-06-25w2020-06-25yLBS1ZNo se presta c26109d26109